|
|
|
|
| LEADER |
01358nam a2200373 a 4500 |
| 001 |
EBC605718 |
| 003 |
MiAaPQ |
| 005 |
20200520144314.0 |
| 006 |
m o d | |
| 007 |
cr cn||||||||| |
| 008 |
111212s2008 sz a sb 000 0 eng d |
| 020 |
|
|
|z 9789221213215
|
| 020 |
|
|
|a 9789221213222 (electronic bk.)
|
| 035 |
|
|
|a (MiAaPQ)EBC605718
|
| 035 |
|
|
|a (Au-PeEL)EBL605718
|
| 035 |
|
|
|a (CaPaEBR)ebr10512025
|
| 035 |
|
|
|a (OCoLC)704257967
|
| 040 |
|
|
|a MiAaPQ
|c MiAaPQ
|d MiAaPQ
|
| 050 |
|
4 |
|a HD3656
|b .A53 2008
|
| 100 |
1 |
|
|a Andrees, Beate.
|
| 245 |
1 |
0 |
|a Forced labour and human trafficking
|h [electronic resource] :
|b handbook for labour inspectors6 /
|c by Beate Andrees.
|
| 260 |
|
|
|a Geneva :
|b International Labour Office,
|c 2008.
|
| 300 |
|
|
|a ix, 61 p. :
|b ill.
|
| 504 |
|
|
|a Includes bibliographical references.
|
| 533 |
|
|
|a Electronic reproduction. Ann Arbor, MI : ProQuest, 2015. Available via World Wide Web. Access may be limited to ProQuest affiliated libraries.
|
| 650 |
|
0 |
|a Labor inspection.
|
| 650 |
|
0 |
|a Forced labor.
|
| 650 |
|
0 |
|a Forced labor (International law)
|
| 650 |
|
0 |
|a Human trafficking.
|
| 650 |
|
0 |
|a Slave trade
|x Prevention.
|
| 650 |
|
0 |
|a Labor unions.
|
| 655 |
|
4 |
|a Electronic books.
|
| 710 |
2 |
|
|a ProQuest (Firm)
|
| 856 |
4 |
0 |
|u https://ebookcentral.proquest.com/lib/matrademy/detail.action?docID=605718
|z Click to View
|